Statistics for Cities by Proximity on a Map - Extreme

Click here to take the quiz!

General Stats

  • This quiz has been taken 386 times
  • The average score is 2965 of 3237

Answers on the Map

Answers color-coded by a green-red scale on the quiz's map according to % correct below.
Loading ...
 

Answer Stats

City% Correct
Dayton
98%
Newport News
98%
Flint
98%
Islip
98%
Virginia Beach
98%
Amherst
98%
Fort Wayne
98%
Lynchburg
98%
Ann Arbor
98%
Cambridge
98%
Johnson City
98%
Allentown
98%
Fayetteville
98%
Richmond
98%
Lorain
98%
Lansing
98%
Windsor
98%
Kingston
98%
High Point
98%
Greensboro
98%
Rochester
98%
Springfield
98%
Bronx
98%
Montréal
98%
Portland
98%
Elkhart
98%
Cincinnati
98%
London
98%
Huntington
98%
Danbury
98%
Concord
98%
Detroit
98%
Burlington
98%
Charlotte
98%
Manhattan
98%
Naperville
98%
Norwich
98%
Lowell
98%
Baltimore
98%
Lexington
98%
Saginaw
98%
Smithtown
98%
Hagerstown
98%
Brooklyn
98%
Charleston
98%
Raleigh
98%
Jersey City
98%
Louisville
98%
Indianapolis
98%
Canton
98%
Trenton
98%
Kingsport
98%
Trois-Rivières
98%
Newark
98%
Round Lake Beach
98%
Erie
98%
South Bend
98%
Leominster
98%
Sarnia
98%
Oyster Bay
98%
Arlington
98%
Asheville
98%
Utica
98%
Kenosha
98%
Gastonia
98%
Hamilton
98%
Barrie
98%
Yonkers
98%
Myrtle Beach
98%
Bloomington
98%
Waterbury
98%
Sudbury
98%
South Lyon
98%
Dover
98%
Spartanburg
98%
Reading
98%
Columbus
98%
Queens
98%
Rock Hill
98%
Joliet
98%
Paterson
98%
Pottstown
98%
Pittsburgh
98%
Chicago
98%
Hampton
98%
Manchester
98%
Frederick
98%
Bridgeport
98%
Buffalo
98%
Milwaukee
98%
Muskegon
98%
Ramapo
98%
Hartford
98%
Kitchener
98%
Winston-Salem
98%
Providence
98%
Fredericksburg
98%
Cary
98%
Harrisburg
98%
Edison
98%
Syracuse
98%
Holland
98%
North Hempstead
98%
Worcester
98%
Gainesville
98%
Nashua
98%
Cleveland
98%
Toledo
98%
Lafayette
98%
Brookhaven
98%
Alexandria
98%
Staten Island
98%
Greenville
98%
Warren
98%
Woodbridge
98%
York
98%
Oshawa
98%
Charlottesville
98%
Roanoke
98%
Durham
98%
Chattanooga
98%
Albany
98%
Knoxville
98%
Stamford
98%
Barnstable Town
98%
Elizabeth
98%
Atlantic City
98%
Sherbrooke
98%
Youngstown
98%
Chesapeake
98%
Binghamton
98%
Norfolk
98%
New Bedford
98%
Grand Rapids
98%
Jacksonville
98%
Athens
98%
Wilmington
98%
Ottawa
98%
Boston
98%
Sandy Springs
98%
Scranton
98%
Lancaster
98%
Philadelphia
98%
Akron
98%
Columbia
98%
New Haven
98%
Sterling Heights
98%
Salisbury
98%
Washington
98%
Mauldin
98%
Toronto
98%
Racine
98%
Poughkeepsie
98%
Hickory
98%
Kalamazoo
98%
Augusta
98%
New York
98%
Evansville
97%
Columbia
97%
Kansas City
97%
Bloomington
97%
St. Louis
97%
Champaign
97%
Iowa City
97%
St. Paul
97%
Charleston
97%
Québec
97%
North Charleston
97%
Atlanta
97%
Waterloo
97%
Murfreesboro
97%
Nashville
97%
St. Cloud
97%
Huntsville
97%
Clarksville
97%
Minneapolis
97%
Springfield
97%
Cedar Rapids
97%
Independence
97%
Rochester
97%
Des Moines
97%
Appleton
96%
Oldenburg
96%
Mulhouse
96%
Prague
96%
Odense
96%
Sheffield
96%
Medford
96%
Würzburg
96%
Nîmes
96%
Dijon
96%
Burgos
96%
Luxembourg
96%
Parma
96%
York
96%
Hayward
96%
Regensburg
96%
Groningen
96%
Avondale
96%
Rennes
96%
Plzeň
96%
Potsdam
96%
Duisburg
96%
Munich
96%
Ingolstadt
96%
Düsseldorf
96%
Orléans
96%
Geneva
96%
Elk Grove
96%
Salzburg
96%
Ulm
96%
Lille
96%
Angers
96%
Aberdeen
96%
Rotterdam
96%
Norwich
96%
Tempe
96%
Oxford
96%
Sunrise Manor
96%
Mainz
96%
Spring Valley
96%
Reims
96%
Mataró
96%
Bergamo
96%
Amsterdam
96%
Aurora
96%
Memphis
96%
Stavanger
96%
Modena
96%
Santander
96%
Vallejo
96%
Green Bay
96%
Nampa
96%
Zürich
96%
Cologne
96%
Salt Lake City
96%
Rostock
96%
Treviso
96%
Santa Cruz
96%
Copenhagen
96%
Bern
96%
Pisa
96%
Erfurt
96%
Vitoria-Gasteiz
96%
Savannah
96%
Magdeburg
96%
Linz
96%
Southampton
96%
Modesto
96%
Karlsruhe
96%
A Coruña
96%
Reading
96%
Augsburg
96%
Toulon
96%
Donostia
96%
Haarlem
96%
Wiesbaden
96%
Dresden
96%
Southend-on-Sea
96%
Verona
96%
Boise
96%
Charleroi
96%
Wrocław
96%
Fayetteville
96%
Utrecht
96%
Genoa
96%
Zaragoza
96%
Gijón
96%
Concord
96%
Bielefeld
96%
Tulsa
96%
Montpellier
96%
Bonn
96%
Dortmund
96%
Coventry
96%
Santa Rosa
96%
Madison
96%
Brighton
96%
Mesa
96%
Provo
96%
Edinburgh
96%
Bologna
96%
Leicester
96%
Sunderland
96%
Gent
96%
Rouen
96%
Portsmouth
96%
Göteborg
96%
Strasbourg
96%
Nantes
96%
Grenoble
96%
Leipzig
96%
Reno
96%
Bournemouth
96%
Heidelberg
96%
Oakland
96%
Middlesbrough
96%
Bristol
96%
Metz
96%
Szczecin
96%
Eindhoven
96%
Ogden
96%
Stockton
96%
Stoke-on-Trent
96%
Valladolid
96%
Koblenz
96%
Osnabrück
96%
North Las Vegas
96%
Freiburg im Breisgau
96%
Chandler
96%
Caerdydd
96%
Como
96%
Lucerne
96%
Scottsdale
96%
Melun
96%
Plymouth
96%
Glendale
96%
Braunschweig
96%
Bilbao
96%
Newcastle upon Tyne
96%
Gilbert
96%
El Paso
96%
Le Havre
96%
Fürth
96%
Aarhus
96%
Tours
96%
Luton
96%
Oviedo
96%
Lübeck
96%
Antwerp
96%
Fremont
96%
Nice
96%
Clermont-Ferrand
96%
Paradise
96%
Toulouse
96%
Basel
96%
Hannover
96%
Davenport
96%
Bremen
96%
Nuremberg
96%
Liège
96%
Antioch
96%
Chemnitz
96%
Henderson
96%
Kingston upon Hull
96%
Albuquerque
96%
Saarbrücken
96%
Abertawe
96%
Wuppertal
96%
Kassel
96%
Springfield
96%
Saint-Étienne
96%
Rockford
96%
Bordeaux
96%
Pamplona
96%
Blackpool
96%
Liverpool
96%
Venice
96%
Münster
96%
Kiel
96%
Malmö
96%
Nancy
96%
Nottingham
96%
Eugene
96%
Lausanne
96%
Peoria
96%
Caen
96%
Bradford
96%
Cambridge
96%
Turlock
96%
Ipswich
96%
Daly City
96%
Eau Claire
96%
Pardubice
96%
Ferrara
96%
Barcelona
96%
Namur
96%
Chico
96%
Frankfurt
96%
Merced
96%
Leeds
96%
Le Mans
96%
Annecy
96%
Stuttgart
96%
Besançon
96%
Biarritz
96%
Lugano
96%
Bruges
96%
Perpignan
96%
Cottbus
96%
Aix-en-Provence
96%
Las Vegas
96%
Fairfield
96%
San Mateo
96%
Jena
96%
Gera
96%
Santa Clara
96%
Logroño
96%
Amiens
96%
Gilroy
96%
Richmond
96%
Berlin
96%
Bremerhaven
96%
Yuma
96%
Göttingen
96%
Zwolle
96%
León
96%
Peterborough
96%
Essen
96%
Turin
96%
San Francisco
96%
Brussels
96%
Santa Fe
96%
Elgin
96%
Arnhem
96%
Milan
96%
Exeter
96%
West Valley City
96%
Broken Arrow
96%
Phoenix
96%
Roseville
96%
West Jordan
96%
Hamburg
96%
Trento
96%
St. George
96%
San Jose
96%
Sacramento
96%
’s-Hertogenbosch
96%
Surprise
96%
Las Cruces
96%
Tarragona
96%
Brest
96%
Limoges
96%
Paris
96%
Zielona Góra
96%
Marseille
96%
Yuba City
96%
Liberec
96%
Fort Smith
96%
Mannheim
96%
Sparks
96%
Lyon
96%
Novara
96%
Logan
96%
Juárez
96%
Maastricht
96%
La Crosse
96%
The Hague
96%
Innsbruck
96%
Vacaville
96%
Macon
96%
Duluth
96%
Enterprise
96%
Bend
96%
Udine
96%
Warner Robins
96%
Berkeley
96%
Livorno
96%
Birmingham
96%
Sunnyvale
96%
Leeuwarden
96%
London
96%
Dundee
96%
Ourense
96%
Aalborg
96%
Redding
96%
Manchester
96%
Podol’sk
95%
Smolensk
95%
Holguín
95%
Córdoba
95%
Pachuca
95%
Kecskemét
95%
Akita
95%
Costa Mesa
95%
Plano
95%
Miyazaki
95%
Seaside
95%
Miami Gardens
95%
Vladimir
95%
Chernivtsi
95%
Iaşi
95%
Takamatsu
95%
Pleven
95%
Kawagoe
95%
Zhytomyr
95%
Daugavpils
95%
Cádiz
95%
Alwar
95%
Kōchi
95%
Iguala de la Independencia
95%
Mazyr
95%
El Centro
95%
Orël
95%
Santa Ana
95%
Sørum
95%
Iksan
95%
Toyama
95%
Hangu
95%
Az Zaqāzīq
95%
Guanajuato
95%
Mathura
95%
Wŏnsan
95%
Satu Mare
95%
Saugor
95%
Downey
95%
Sousse
95%
Brandon
95%
Mobile
95%
Shreveport
95%
Poltava
95%
Saransk
95%
Jackson
95%
Chernihiv
95%
Ratlām
95%
Ar Ramādī
95%
Nabeul
95%
Jaén
95%
Ksar El Kebir
95%
Fīrozābād
95%
Carlsbad
95%
Hatay
95%
Craiova
95%
Morioka
95%
Nizhyn
95%
Dayr az Zawr
95%
Hakodate
95%
Monroe
95%
Cherkasy
95%
Clearwater
95%
Binzhou
95%
Yelets
95%
Tambov
95%
Brest
95%
Bīdar
95%
Kanggye
95%
Damietta
95%
El Monte
95%
İskenderun
95%
Ciudad Valles
95%
Vologda
95%
Setúbal
95%
Timişoara
95%
Hrodna
95%
Coatzacoalcos
95%
Vyborg
95%
Rohtak
95%
Cluj-Napoca
95%
Aomori
95%
Sinŭiju
95%
Karīmnagar
95%
Lehigh Acres
95%
Lakeland
95%
Alicante
95%
Maribor
95%
Pescara
95%
Sumy
95%
Białystok
95%
Temecula
95%
Texas City
95%
Richardson
95%
Cherepovets
95%
Fukushima
95%
Huanren
95%
Braşov
95%
Kam”yanets’-Podil’s’kyy
95%
Sambalpur
95%
Las Delicias
95%
Santa Clarita
95%
Botoşani
95%
Kaesŏng
95%
Clovis
95%
Kaluga
95%
Kaliningrad
95%
Bryansk
95%
Villahermosa
95%
Port St. Lucie
95%
Spanish Town
95%
Rialto
95%
Konotop
95%
Pohang
95%
Brindisi
95%
Nagasaki
95%
Marsá Maţrūḩ
95%
Parral
95%
Wakayama
95%
Denton
95%
Velikiye Luki
95%
El Cajon
95%
Ivanovo
95%
Little Rock
95%
Jeju
95%
Fresnillo
95%
Ţanţā
95%
Murcia
95%
Davie
95%
League City
95%
Indio
95%
Prijedor
95%
Sukkur
95%
Oujda-Angad
95%
Kursk
95%
Zhangjiakou Shi Xuanhua Qu
95%
Burbank
95%
Gifu
95%
Spring Hill
95%
Palma Soriano
95%
Tokushima
95%
Sunch’ŏn
95%
Tula
95%
Homyel’
95%
Tuxtla
95%
Murrieta
95%
Oum el Bouaghi
95%
Yanji
95%
Allen
95%
Palm Bay
95%
Tartu
95%
Dūmā
95%
Ancona
95%
Reynosa
95%
Sakata
95%
Lida
95%
Tsu
95%
Dhūlia
95%
Chaoyang
95%
Ōita
95%
Hengshui
95%
Chlef
95%
Chengde
95%
Şanlıurfa
95%
Belfast
95%
Xalapa
95%
Temple
95%
Durango
95%
Udaipur
95%
Vista
95%
Ḩamāh
95%
Malatya
95%
Piraeus
95%
Kocaeli
95%
Maladzyechna
95%
Long Beach
95%
Suceava
95%
Lewisville
95%
Algeciras
95%
Rahimyar Khan
95%
Tetovo
95%
Szombathely
95%
Szolnok
95%
Sergiyev Posad
95%
Vinnytsya
95%
Anaheim
95%
Mito
95%
Lancaster
95%
Orizaba
95%
Wafangdian
95%
Mirpur Khas
95%
Asahikawa
95%
Iwaki
95%
Túxpam de Rodríguez Cano
95%
Nuevo Laredo
95%
Qingnian
95%
Lublin
95%
Vitsyebsk
95%
Irapuato
95%
Tamuramachi-moriyama
95%
Corpus Christi
95%
San Buenaventura
95%
Vólos
95%
Yeosu
95%
Inglewood
95%
Victorville
95%
Pensacola
95%
Maebashi
95%
Belgorod
95%
Pompano Beach
95%
West Palm Beach
95%
Bouira
95%
Kaposvár
95%
Larkana
95%
Tver’
95%
Ahmadnagar
95%
Granada
95%
Nizāmābād
95%
Coimbra
95%
Drobeta-Turnu Severin
95%
Oxnard
95%
Bhīlwāra
95%
Bonita Springs
95%
Obninsk
95%
Norwalk
95%
Arlington
95%
Jurupa Valley
95%
Khmel’nyts’kyy
95%
Gómez Palacio
95%
Sīkar
95%
Bejaïa
95%
Koszalin
95%
Mahilyow
95%
Kaunas
95%
Mascara
95%
Barletta
95%
Denizli
95%
Kissimmee
95%
Escuintla
95%
Lātūr
95%
Palma
95%
Celaya
95%
Kahramanmaraş
95%
Zhoukou
95%
West Covina
95%
Parbhani
95%
Vigo
95%
Dezhou
95%
Râmnicu Vâlcea
95%
Batna
95%
Afyonkarahisar
95%
Kostroma
95%
Cienfuegos
95%
Kütahya
95%
Tizi Ouzou
95%
Marbella
95%
Kafr ash Shaykh
95%
Pécs
95%
Mesquite
95%
San Cristóbal
95%
Ruse
95%
Olsztyn
95%
Manp’o
95%
Ajdābiyā
95%
Pinar del Río
95%
Otaru
95%
Gibraltar
95%
Huelva
95%
Tiaret
95%
Szeged
95%
Gangneung
95%
Torrance
95%
Matanzas
95%
Almería
95%
Fort Lauderdale
95%
Reggio di Calabria
95%
Castellón de la Plana
95%
Tonk
95%
Székesfehérvár
95%
Panama City
95%
Chilpancingo
95%
Metairie
95%
Shibīn al Kawm
95%
Bhusāval
95%
Tuzla
95%
Kimch’aek-si
95%
Mostaganem
95%
Heroica Nogales
95%
Aydın
95%
Burhānpur
95%
Gurgaon
95%
Salamanca
95%
Kōfu
95%
Ashino
95%
Bulandshahr
95%
Bila Tserkva
95%
Ciego de Ávila
95%
Rosetta
95%
Taza
95%
Jieshou
95%
Chŏngju
95%
Cartagena
95%
Huntington Beach
95%
Kure
95%
North Port
95%
Waco
95%
Pasadena
95%
Cork
95%
Saddiqabad
95%
Damanhūr
95%
Houma
95%
Bhiwāni
95%
Overland Park
95%
Klaipėda
95%
Saïda
95%
Bayamo
95%
Ciudad Madero
95%
Arzamas
95%
Salinas
95%
Grand Prairie
95%
Durrës
95%
Naka
95%
Al ‘Arīsh
95%
Guastatoya
95%
Pskov
95%
Ocala
95%
Kovrov
95%
Pátra
95%
Tuscaloosa
95%
Tottori
95%
Zenica
95%
Limassol
95%
Elbasan
95%
Chetumal
95%
Hollywood
95%
Pomona
95%
Fatehpur
95%
Banhā
95%
Kansas City
95%
Corona
95%
Mostar
95%
Navsāri
95%
Uşak
95%
Muroran
95%
Palmdale
95%
Matsue
95%
Albacete
95%
Ciudad del Carmen
95%
Subotica
95%
Shkodër
95%
Sibiu
95%
Ţarţūs
95%
Horad Barysaw
95%
Nakhodka
95%
Kyŏngju
95%
Foggia
95%
Sariwŏn
95%
Budaun
95%
Lecce
95%
Dingzhou
95%
Baranavichy
95%
Teziutlan
95%
Hemet
95%
Ōbiraki
95%
Leesburg
95%
Ontario
95%
Turku
95%
Oceanside
95%
Nyíregyháza
95%
Jijel
95%
Garden Grove
95%
Médéa
95%
Frisco
95%
Kolomna
95%
Rancho Cucamonga
95%
San Juan del Río
95%
Ar Raqqah
95%
Takaoka
95%
Sidon
95%
Sonsonate
95%
Rijeka
95%
Arad
95%
Al Marj
95%
Čačak
95%
Escondido
95%
Pembroke Pines
95%
Djelfa
95%
Piteşti
95%
Perugia
95%
Kragujevac
95%
Tébessa
95%
Isparta
95%
Bălţi
95%
Uzhhorod
95%
Târgu-Mureş
95%
Beppuchō
95%
Minatitlán
95%
Taranto
95%
Irvine
95%
Miskolc
95%
Al Ḩasakah
95%
Ternopil’
95%
Winter Haven
95%
Shinozaki
95%
Darnah
95%
Simi Valley
95%
Fukui
95%
Sakākā
95%
Elbląg
95%
Panevėžys
95%
Sancti Spíritus
95%
Caserta
95%
Laiyang
95%
Zumpango
95%
Manzanillo
95%
Hebi
95%
Santa Clara
95%
Novomoskovsk
95%
Sato
95%
Murom
95%
Garland
95%
Hachimanchō
95%
Hialeah
95%
Irving
95%
Pinsk
95%
Kunsan
95%
Andong
95%
Tehuacán
95%
Idlib
95%
Lárisa
95%
Wŏnju
95%
Manisa
95%
Hāthras
95%
Messina
95%
Monclova
95%
Manbij
95%
Petrozavodsk
95%
Guelma
95%
Mokpo
95%
Sassari
95%
Karaman
95%
Chula Vista
95%
Larache
95%
Tobruk
95%
Yamagata
95%
Huanghua
95%
Guantánamo
95%
Pearland
95%
Sétif
95%
Ciudad Victoria
95%
Sivas
95%
St. Petersburg
95%
Tallahassee
95%
Drohobych
95%
Montego Bay
95%
Poza Rica de Hidalgo
95%
Rivne
95%
Montgomery
95%
Dzerzhinsk
95%
Ensenada
95%
Etāwah
95%
East Los Angeles
95%
Columbus
95%
Tampere
95%
Sakarya
95%
Laredo
95%
Laiwu
95%
Zhuanghe
95%
Ussuriysk
95%
Yidu
95%
Opole
95%
Biskra
95%
Irákleio
95%
Bergen
95%
Luts’k
95%
Oradea
95%
Split
95%
Olathe
95%
Trieste
95%
Harlingen
95%
Kırıkkale
95%
Rybinsk
95%
San Bernardino
95%
Grand Junction
95%
Baia Mare
95%
Velikiy Novgorod
95%
Thousand Oaks
95%
Fontana
95%
Pāli
95%
Gulfport
95%
Miramar
95%
Glendale
95%
Ciudad de Melilla
95%
Tyler
95%
Orange
95%
Las Tunas
95%
Fullerton
95%
Orekhovo-Zuyevo
95%
Piedras Negras
95%
Santa Barbara
95%
Campeche
95%
Santa Maria
95%
Beersheba
95%
Moreno Valley
95%
Sidi Bel Abbès
95%
Badajoz
95%
Babruysk
95%
Tapachula
95%
San Luis
95%
May Pen
95%
Carrollton
95%
Serpukhov
95%
Debrecen
95%
Xiulin
95%
Orsha
95%
Ploieşti
95%
Souk Ahras
95%
Győr
95%
Ravenna
95%
Zacatecas
95%
Visalia
95%
McKinney
95%
Šiauliai
95%
Coral Springs
95%
Syktyvkar
95%
Tlemcen
95%
Banja Luka
95%
Kolpino
95%
‘Ar‘ar
95%
Adıyaman
95%
Haeju
95%
Minamiōzuma
95%
Skikda
95%
Novi Sad
95%
Chuncheon
95%
Noginsk
95%
Liaocheng
95%
Staryy Oskol
95%
Hyesan
95%
Brownsville
95%
Beipiao
95%
Bharatpur
95%
Nawabshah
95%
Balıkesir
95%
Fresno
95%
Bari
95%
Jabalpur
95%
Nānded
95%
Sevilla
95%
Huzhou
95%
Changping
95%
Huaiyin
95%
Taizhou
95%
Xingtai
95%
Nizhniy Novgorod
95%
Adana
95%
Allahābād
95%
Changzhou
95%
Porto
95%
Yaroslavl’
95%
Lingyuan
95%
Ghāziābād
95%
Constantine
95%
Ma’anshan
95%
Farīdābād
95%
Kawanakajima
95%
Port Said
95%
Jining
95%
Huainan
95%
Belgrade
95%
Utsunomiya
95%
Puyang Chengguanzhen
95%
Dublin
95%
Mizhou
95%
Ulsan
95%
Suwon
95%
Changwon
95%
Bhilai
95%
Baoding
95%
Poznań
95%
Ciudad Nezahualcóyotl
95%
Aurangābād
95%
Helsinki
95%
Namp’o
95%
Torreón
95%
Glasgow
95%
Benghazi
95%
Cape Coral
95%
Zhuozhou
95%
Gwangju
95%
Mission Viejo
95%
Gaziantep
95%
Shuyangzha
95%
Anqing
95%
Rabat
95%
Warsaw
95%
Hachiōji
95%
Veracruz
95%
Bhopal
95%
Wuxi
95%
Shangqiu
95%
Orlando
95%
Lu’an
95%
Kyōto
95%
Bīkaner
95%
Minsk
95%
Quetzaltenango
95%
Bakersfield
95%
Beirut
95%
Tangshan
95%
Niigata
95%
Bucharest
95%
Baton Rouge
95%
Budapest
95%
Hyderabad City
95%
Tijuana
95%
Kharkiv
95%
Daejeon
95%
Nāsik
95%
León de los Aldama
95%
Al Manşūrah
95%
Bursa
95%
Florence
95%
Kōbe
95%
Toluca
95%
Chānda
95%
Anshan
95%
Weifang
95%
Nagano
95%
Kalyān
95%
Āgra
95%
Tai’an
95%
Handan
95%
Kayseri
95%
Ajmer
95%
Vladivostok
95%
Ch’ŏngjin
95%
New Orleans
95%
San Antonio
95%
Cheongju
95%
Aguascalientes
95%
Shaoxing
95%
Dandong
95%
Kaifeng Chengguanzhen
95%
Fort Worth
95%
Raipur
95%
Mexicali
95%
Dengtalu
95%
Hamhŭng
95%
Okayama
95%
Fuyang
95%
Bengbu
95%
Tarsus
95%
Nangandao
95%
Goyang
95%
Huaibei
95%
Konya
95%
Sŏngnam
95%
Nantong
95%
Tucson
95%
Bucheon
95%
Saltillo
95%
Oran
95%
Langfang
95%
Wuhu
95%
Jhānsi
95%
Braga
95%
Kota
95%
Alīgarh
95%
L’viv
95%
McAllen
95%
Cuernavaca
95%
Yancheng
95%
Xuanzhou
95%
Yingkou
95%
Bhiwandi
95%
Voronezh
95%
Liaoyang
95%
Zhenjiang
95%
Tampico
95%
Antalya
95%
Palermo
95%
Rizhao
95%
Salerno
95%
Jinzhou
95%
Catania
95%
Tirana
95%
Chisinau
95%
Jeonju
95%
Sarajevo
95%
Zagreb
95%
Sarasota
95%
Riga
95%
Shizuoka
95%
Oslo
95%
Kingston
95%
Skopje
95%
Tokyo
95%
Meknès
95%
Fès
95%
Mālegaon
95%
Qinhuangdao
95%
Homs
95%
Haifa
95%
Benxi
95%
Guatemala City
95%
Vilnius
95%
Acapulco de Juárez
95%
Querétaro
95%
Jodhpur
95%
Hŭngnam
95%
Xin’an
95%
Mérida
95%
Hamamatsu
95%
Gwalior
95%
Tangier
95%
Yangquan
95%
Jiaxing
95%
San Luis Potosí
95%
Kitaku
95%
Xinpu
95%
Podgorica
95%
Ansan
95%
Nicosia
95%
Amrāvati
95%
Nassau
95%
Ljubljana
95%
New Delhi
95%
Tallinn
95%
Kumamoto
95%
Suzhou
95%
Heze
95%
Valencia
95%
Damascus
95%
Kyiv
95%
Lucknow
95%
Yangzhou
95%
Alexandria
95%
Penza
95%
Cancún
95%
Blida
95%
Bilāspur
95%
Saint Petersburg
95%
Pune
95%
İzmir
95%
Incheon
95%
Pyongyang
95%
Hisar
95%
Shenyang
95%
Ujjain
95%
Madrid
95%
Gliwice
95%
Daegu
95%
Dallas
95%
Nāgpur
95%
Lianshan
95%
Shijiazhuang
95%
Miami
95%
Málaga
95%
Naples
95%
Tianjin
95%
Tlaxcala
95%
Seoul
95%
Moscow
95%
Aleppo
95%
Eskişehir
95%
Ōsaka
95%
Hangzhou
95%
Rome
95%
Athens
95%
Nagoya
95%
San Diego
95%
Ryazan’
95%
Dalian
95%
Cawnpore
95%
Cangzhou
95%
Tel Aviv
95%
Algiers
95%
Tripoli
95%
Zibo
95%
Busan
95%
Nanjing
95%
Jaipur
95%
Latakia
95%
Yokohama
95%
Qingdao
95%
Oaxaca
95%
Lisbon
95%
Tampa
95%
Monterrey
95%
Lipetsk
95%
Matsuyama
95%
Jinan
95%
Ankara
95%
Fukuoka
95%
Ōtsu
95%
Heroica Matamoros
95%
Sūrat
95%
Beijing
95%
Sapporo
95%
Annaba
95%
Hefei
95%
Weihai
95%
Linyi
95%
Santiago de Cuba
95%
Mumbai
95%
Hiroshima
95%
Puebla
95%
Kenitra
95%
Zaozhuang
95%
Wusong
95%
Los Angeles
95%
Mexico City
95%
Riverside
95%
Kanazawa
95%
Tongshan
95%
Shanghai
95%
Delhi
95%
Akola
95%
Sendai
95%
Kagoshima
95%
Karachi
95%
Yantai
95%
Indore
95%
Valletta
94%
São Carlos
94%
Guaratinguetá
94%
Ongole
94%
Catanduva
94%
Puqi
94%
Al Khums
94%
Uruapan
94%
Lianzhou
94%
Renton
94%
Graz
94%
Brasília
94%
Yamoussoukro
94%
Presidente Prudente
94%
Oral
94%
San-Pédro
94%
Marília
94%
Tacoma
94%
Abidjan
94%
Soubré
94%
Az Zubayr
94%
Zamora
94%
Kielce
94%
Bremerton
94%
Lubbock
94%
Dindigul
94%
Thessaloníki
94%
Tasikmalaya
94%
Engel’s
94%
Rongjiawan
94%
Gresham
94%
Ghandinagar
94%
Bijāpur
94%
Coro
94%
Brikama
94%
Severodvinsk
94%
Magangué
94%
Deltona
94%
Divinópolis
94%
Pekalongan
94%
Longview
94%
Jinshi
94%
Machilīpatnam
94%
Al Minyā
94%
Culiacán
94%
Yanbu‘
94%
Olympia
94%
Pingzhen
94%
Dali
94%
Sete Lagoas
94%
Glazov
94%
São Paulo
94%
Zhubei
94%
Bissau
94%
Lafayette
94%
Néma
94%
Az Zāwīyah
94%
Manzanillo
94%
Gainesville
94%
Bratislava
94%
Bataysk
94%
Sterlitamak
94%
Balakovo
94%
Everett
94%
Seattle
94%
Zhangzhou
94%
Yongzhou
94%
Shakhty
94%
Mallawī
94%
Cirebon
94%
Cartagena
94%
Koutiala
94%
Ivano-Frankivs’k
94%
Chīrāla
94%
Linhares
94%
Jiaozuo
94%
Hyderabad
94%
Belo Horizonte
94%
Mysore
94%
Az Zarqā’
94%
Barretos
94%
Daloa
94%
Tegal
94%
Pingdingshan
94%
Xinyu
94%
Ahmadābād
94%
Hāpur
94%
Olomouc
94%
Punto Fijo
94%
Wuhan
94%
Sarapul
94%
Niš
94%
Rio de Janeiro
94%
Sonīpat
94%
Houzhuang
94%
Kropyvnyts’kyy
94%
Ḩafar al Bāţin
94%
Abengourou
94%
Bengalūru
94%
Killeen
94%
Marrakech
94%
Salem
94%
Governador Valadares
94%
Xiaoxita
94%
Taipei
94%
Borūjerd
94%
Cascavel
94%
Porbandar
94%
Cabo Frio
94%
Colima
94%
Uberaba
94%
Sikasso
94%
Acarigua
94%
Oktyabr’skiy
94%
Sincelejo
94%
Yichun
94%
Volgograd
94%
Hancheng
94%
Puducherry
94%
Donets’k
94%
Linfen
94%
Joinvile
94%
Guéckédou
94%
Odesa
94%
Tanjore
94%
Mopti
94%
Guadalajara
94%
Cairo
94%
Iguaçu
94%
Calicut
94%
Nizhnekamsk
94%
Douliu
94%
Teófilo Otoni
94%
Kennewick
94%
Kremenchuk
94%
Hillsboro
94%
Trichinopoly
94%
Elista
94%
Errachidia
94%
Saratov
94%
Duitama
94%
Pingxiang
94%
Apucarana
94%
Yuci
94%
Chapayevsk
94%
Dongguan
94%
Dunhua
94%
Nikopol’
94%
Ziguinchor
94%
Kolār
94%
Ségou
94%
Conakry
94%
Bamako
94%
Poços de Caldas
94%
Dar‘ā
94%
Pôrto Seguro
94%
Ganzhou
94%
Niterói
94%
Bellevue
94%
Gharyān
94%
Kochi
94%
Midland
94%
Gagnoa
94%
Vishākhapatnam
94%
Indramayu
94%
Xinyang
94%
Siracusa
94%
Stara Zagora
94%
Béchar
94%
Pati
94%
Man
94%
Xiantao
94%
Guarapuava
94%
Xiamen
94%
Lake Charles
94%
Semarang
94%
Novokuybyshevsk
94%
Samālūţ
94%
Guanare
94%
Nazareth
94%
Jaú
94%
Yilan
94%
Changde
94%
Miaoli
94%
M’Sila
94%
Carora
94%
Beaumont
94%
Palangkaraya
94%
Vienna
94%
Quanzhou
94%
Odessa
94%
Barbacena
94%
Kenema
94%
Macaé
94%
Yiyang
94%
Touggourt
94%
Vadodara
94%
Divo
94%
Barranquilla
94%
Maracaibo
94%
Jirjā
94%
Portland
94%
Kent
94%
Kamyshin
94%
Yunxian Chengguanzhen
94%
Luoyang
94%
Yakima
94%
Ríohacha
94%
Tainan
94%
Dimitrovgrad
94%
Pindamonhangaba
94%
Jaraguá do Sul
94%
Nanyang
94%
Goiânia
94%
Ciénaga
94%
Bragança Paulista
94%
Santos
94%
Tripoli
94%
Al’met’yevsk
94%
Shantou
94%
Lysychans’k
94%
Zlín
94%
Zhongli
94%
Ghardaïa
94%
Paranaguá
94%
As Salţ
94%
Itapetininga
94%
Labé
94%
Macheng
94%
Jingling
94%
Kumasi
94%
Edirne
94%
Sogamoso
94%
Bordj Bou Arreridj
94%
Coimbatore
94%
Cuddalore
94%
Vitória
94%
Tiruvannāmalai
94%
Neftekamsk
94%
Guangshui
94%
Conjeeveram
94%
Barrancabermeja
94%
Zhuzhou
94%
Zuwārah
94%
Vālpārai
94%
Rio Claro
94%
Obuase
94%
Amman
94%
Taiyuan
94%
Vizianagaram
94%
Xiangyang
94%
Korhogo
94%
El Jadid
94%
Vellore
94%
Alleppey
94%
Malāyer
94%
Ankang
94%
Vancouver
94%
Les Cayes
94%
Yangmei
94%
Taitung
94%
As Samāwah
94%
Kankan
94%
Rostov-na-Donu
94%
Norman
94%
Medina
94%
Valera
94%
Conselheiro Lafaiete
94%
Syzran’
94%
Casablanca
94%
Puerto Vallarta
94%
Coeur d'Alene
94%
Cachoeiro de Itapemirim
94%
Bucaramanga
94%
Hengyang
94%
Dnipro
94%
Ufa
94%
Curitiba
94%
Kramators’k
94%
Jerusalem
94%
Monrovia
94%
Botucatu
94%
Port-au-Prince
94%
Laghouat
94%
Sirsa
94%
Bo
94%
Kazan’
94%
Berdyans’k
94%
Zhengzhou
94%
Giza
94%
Dourados
94%
Ash Shaţrah
94%
Settat
94%
Tunja
94%
Xiaoganzhan
94%
Rājkot
94%
Ciudad Lázaro Cárdenas
94%
Chifeng
94%
Vila Velha
94%
Taichung
94%
Kindia
94%
Melitopol’
94%
Port Arthur
94%
Changsha
94%
Madura
94%
Al Ghardaqah
94%
Tiraspol
94%
Xiangtan
94%
Boké
94%
Nantou
94%
Barquisimeto
94%
Hindupur
94%
Weinan
94%
Bade
94%
Nova Friburgo
94%
Pouso Alegre
94%
Samara
94%
Araçatuba
94%
Bezwāda
94%
Barra Mansa
94%
Jacksonville
94%
N’Zérékoré
94%
Navojoa
94%
Cilacap
94%
Volgodonsk
94%
Sofia
94%
Novocherkassk
94%
Campinas
94%
Kaohsiung
94%
Gonaïves
94%
Marysville
94%
Katowice
94%
Zhangjiakou
94%
Kumbakonam
94%
Brno
94%
Ul’yanovsk
94%
Chaozhou
94%
Mazatlán
94%
Bhuj
94%
Limeira
94%
Freetown
94%
Plovdiv
94%
Morelia
94%
Franca
94%
Jiujiang
94%
Khammam
94%
Cagliari
94%
Asyūţ
94%
Luohe
94%
Ribeirão Prêto
94%
Rājahmundry
94%
Meizhou
94%
Tabūk
94%
Krasnodar
94%
Izhevsk
94%
Bauru
94%
Jiangguanchi
94%
Guntūr
94%
Petrópolis
94%
Cheboksary
94%
Santo André
94%
Sekondi
94%
Bytom
94%
Cabimas
94%
Santa Marta
94%
Ismailia
94%
San Cristóbal
94%
Shimoga
94%
Kryvyy Rih
94%
Irbid
94%
Tiruppūr
94%
Zaporizhzhya
94%
Piracicaba
94%
Bahawalpur
94%
Montes Claros
94%
Jincheng
94%
Quilon
94%
Luxor
94%
Arkhangel’sk
94%
Campos
94%
Ḩā’il
94%
Qinā
94%
Makiyivka
94%
Bobo-Dioulasso
94%
Hsinchu
94%
São José dos Campos
94%
Khorramābād
94%
Villavicencio
94%
São José do Rio Prêto
94%
Bydgoszcz
94%
Rājapālaiyam
94%
Sūhāj
94%
Horlivka
94%
Shiyan
94%
Al ‘Amārah
94%
Uberlândia
94%
Mangalore
94%
Camagüey
94%
Ponta Grossa
94%
Bhāvnagar
94%
Kawm Umbū
94%
Ipatinga
94%
Sorocaba
94%
Taubaté
94%
Changhua
94%
Kākināda
94%
Spokane
94%
Palm Coast
94%
Bouaké
94%
Hualien
94%
Jiangjiafan
94%
Tumkūr
94%
São José dos Pinhais
94%
Huizhou
94%
Tol’yatti
94%
Xinzhou
94%
Davangere
94%
Mariupol’
94%
Naberezhnyye Chelny
94%
Changzhi
94%
Varna
94%
Shaoguan
94%
Huangshi
94%
Heyuan
94%
Yoshkar-Ola
94%
Volzhskiy
94%
Juiz de Fora
94%
Chenzhou
94%
Tepic
94%
Anápolis
94%
Soledad
94%
Aswān
94%
Jundiaí
94%
Ostrava
94%
Taganrog
94%
Kaolack
94%
Mykolayiv
94%
Cap-Haïtien
94%
Americana
94%
Itu
94%
Kherson
94%
Pingtung
94%
Cúcuta
94%
Suez
94%
Shashi
94%
Ji’an
94%
Luhans’k
94%
Londrina
94%
Maringá
94%
Baishan
94%
Al Fayyūm
94%
Volta Redonda
94%
Keelung
94%
An Nāşirīyah
94%
Dezfūl
94%
Jingdezhen
94%
Mandya
94%
Kirov
94%
Taoyuan District
94%
Qingyuan
94%
Valledupar
94%
Chiayi
94%
Vitória da Conquista
94%
Zonguldak
93%
Belgaum
93%
Rust’avi
93%
Koforidua
93%
Armenia
93%
Huangyan
93%
Neiva
93%
Zarzis
93%
Sāmarrā’
93%
Bloemfontein
93%
Samsun
93%
Safi
93%
Panama City
93%
Bacău
93%
Hongzhai
93%
Masjed Soleymān
93%
Mosul
93%
Marāgheh
93%
Djougou
93%
Kuantan
93%
Gyumri
93%
Lomé
93%
Córdoba
93%
Topeka
93%
Doha
93%
Kuala Lumpur
93%
Sanya
93%
Khowy
93%
Maseru
93%
Tamale
93%
Abbotsford
93%
Angeles City
93%
Nusaybin
93%
Tabrīz
93%
Golmeh
93%
Ad Dīwānīyah
93%
Kirkuk
93%
Manama
93%
Río Cuarto
93%
Ordu
93%
Fuyu
93%
Ningde
93%
Batumi
93%
Pontianak
93%
Yulinshi
93%
Chapecó
93%
Edmonton
93%
Bhisho
93%
George
93%
Al Kūt
93%
Riobamba
93%
Lishui
93%
Hạ Long
93%
Esmeraldas
93%
Tieling
93%
Calgary
93%
Port Elizabeth
93%
Diyarbakır
93%
Zhuhai
93%
East London
93%
Nellore
93%
Kutaisi
93%
Yulin
93%
Yerevan
93%
Sīrjān
93%
Tarlac City
93%
Sāveh
93%
Tbilisi
93%
Jinhua
93%
Çorum
93%
Klerksdorp
93%
Anda
93%
Passo Fundo
93%
Varāmīn
93%
Zhaodong
93%
An Najaf
93%
Xianyang
93%
Shangrao
93%
Việt Trì
93%
Sanandaj
93%
Shīrāz
93%
Thanh Hóa
93%
Mahābād
93%
Proddatūr
93%
La Rioja
93%
Beidao
93%
Shuangshui
93%
Gaozhou
93%
Burgas
93%
Dagupan City
93%
Lajes
93%
Serang
93%
Rosario
93%
Al Jahrā’
93%
Bandar-e Būshehr
93%
Cotonou
93%
Kimberley
93%
Hà Tĩnh
93%
Tuluá
93%
Mérida
93%
Sơn Tây
93%
Ciudad del Este
93%
Đồng Hới
93%
Parakou
93%
San Fernando del Valle de Catamarca
93%
Al Hufūf
93%
Nandyāl
93%
Ouagadougou
93%
Longyan
93%
Montería
93%
Fushun
93%
Medellín
93%
Baguio City
93%
Curicó
93%
Hamadān
93%
Santa Cruz do Sul
93%
Kōenchō
93%
Shaowu
93%
Changchun
93%
Santa Rosa
93%
Zhijiang
93%
Sfax
93%
Jambi
93%
Harbin
93%
Bello
93%
Guiyang
93%
David
93%
Hailun
93%
San Juan
93%
Siirt
93%
Hechi
93%
San Martín
93%
Kurnool
93%
Bengkulu
93%
Shahreẕā
93%
Tongren
93%
Welkom
93%
San Luis
93%
Sokodé
93%
Fuzhou
93%
Bellary
93%
Guangming
93%
Yakeshi
93%
Khomeynī Shahr
93%
Quezon City
93%
Foz do Iguaçu
93%
Tuguegarao
93%
Wuzhou
93%
Jiangmen
93%
San Rafael
93%
Porto Alegre
93%
Batangas
93%
Jakarta
93%
Kroonstad
93%
Ahar
93%
Shenzhen
93%
Bogotá
93%
Prabumulih
93%
Heroica Guaymas
93%
Guangzhou
93%
Pakxé
93%
Al Qāmishlī
93%
Piatra Neamţ
93%
Istanbul
93%
Arāk
93%
Manila
93%
Vanadzor
93%
Mazatán
93%
Kpalimé
93%
Liaoyuan
93%
Tandil
93%
Xi’an
93%
Kon Tum
93%
Jiaojiangcun
93%
Hanoi
93%
Yazd
93%
Zhaoqing
93%
Karbalā’
93%
Longjiang
93%
Baghdad
93%
Santiago
93%
Mmabatho
93%
Shah Alam
93%
Queenstown
93%
Hòa Bình
93%
Focşani
93%
Wichita
93%
Chongqing
93%
Chennai
93%
Hong Kong
93%
Puerto Plata
93%
Tunis
93%
Al Qaţīf
93%
Umtata
93%
Qiqihar
93%
Baicheng
93%
Sanzhou
93%
Daqing
93%
Bizerte
93%
As Sulaymānīyah
93%
Zalantun
93%
Hohhot
93%
Nong’an
93%
Palembang
93%
Jequié
93%
Cẩm Phả
93%
Orūmīyeh
93%
Zākhū
93%
Cartago
93%
Xiping
93%
Caxias do Sul
93%
Eşfahān
93%
Kuching
93%
Tall ‘Afar
93%
Quzhou
93%
Madan
93%
Canoas
93%
Van
93%
Liuzhou
93%
Hanzhong
93%
Kairouan
93%
Hermosillo
93%
Vinh
93%
Luzhou
93%
Manizales
93%
Al Ḩillah
93%
Putian
93%
Cape Coast
93%
Pleiku
93%
Pyatigorsk
93%
Zhanjiang
93%
Kislovodsk
93%
Ningbo
93%
Jilin
93%
Erzurum
93%
Nanning
93%
Marvdasht
93%
Semnān
93%
Fasā
93%
Havana
93%
Potchefstroom
93%
Minzhu
93%
Cali
93%
Hong’an
93%
Tekirdağ
93%
Vancouver
93%
Ibagué
93%
Billings
93%
Wenzhou
93%
Nanchang
93%
Bekasi
93%
Bandung
93%
Kelowna
93%
Bellingham
93%
Shuozhou
93%
Erzincan
93%
Pereira
93%
Haiphong
93%
Macau
93%
Buzău
93%
Shuangcheng
93%
Ninh Bình
93%
Girardot
93%
Shahr-e Kord
93%
Gafsa
93%
Pasay City
93%
Baotou
93%
Karabük
93%
Ad Dammām
93%
Kuwait City
93%
San Nicolás de los Arroyos
93%
Siping
93%
Accra
93%
Galaţi
93%
Pangkalpinang
93%
Porto-Novo
93%
Quảng Ngãi
93%
Suihua
93%
Tirupati
93%
Linhai
93%
Ciudad Obregón
93%
Bandar Lampung
93%
Quảng Hà
93%
Victoria
93%
Brăila
93%
Kāshān
93%
Al Başrah
93%
Singkawang
93%
Ahvāz
93%
San Bernardo
93%
Yangjiang
93%
Buenaventura
93%
Nanping
93%
Qinzhou
93%
Barinas
93%
Bahía Blanca
93%
Jining
93%
Laoag
93%
Pingliang
93%
Tongchuanshi
93%
Baojishi
93%
Tema
93%
Rāichūr
93%
Sanming
93%
Popayán
93%
Thái Bình
93%
Anshun
93%
Zunyi
93%
Hospet
93%
Mirzāpur
93%
Gabès
93%
Amarillo
93%
Foshan
93%
Tanjungpinang
93%
Batman
93%
Bogor
93%
Qom
93%
Al Mubarraz
93%
Rancagua
93%
Ba‘qūbah
93%
Al Jubayl
93%
Uitenhage
93%
Hue
93%
Al Fallūjah
93%
Klang
93%
Oklahoma City
93%
Ilhéus
93%
Trabzon
93%
Fuxin
93%
Erbil
93%
Constanţa
93%
Cabanatuan City
93%
Olongapo
93%
Novo Hamburgo
93%
Tongliao
93%
Yinchuan
93%
Nam Định
93%
Neuquén
93%
Mendoza
93%
Ulanhot
93%
Itabuna
93%
Guilin
93%
Gəncə
93%
Hubli
93%
Dahūk
93%
Kermānshāh
93%
Perm’
93%
Sukabumi
93%
Xingyi
93%
Sibu
93%
Colón
93%
Quy Nhơn
93%
Beihai
93%
Elazığ
93%
Jiutai
93%
Criciúma
93%
Zhaotong
93%
Rize
93%
Omaha
92%
Martapura
92%
Biên Hòa
92%
Blitar
92%
Chiang Mai
92%
Valdivia
92%
Taunggyi
92%
Melaka
92%
Letpandan
92%
Long Xuyên
92%
Salatiga
92%
Phan Thiết
92%
Dhanbād
92%
Jitpur
92%
Purnea
92%
Pīlibhīt
92%
El Oued
92%
Sangolquí
92%
Birgañj
92%
Jamshedpur
92%
Monywa
92%
Bukittinggi
92%
Hinthada
92%
Tân An
92%
Talca
92%
Mandalay
92%
Valparaíso
92%
Groznyy
92%
Pyay
92%
Mawlamyine
92%
Caracas
92%
Valencia
92%
Nal’chik
92%
Muzaffarpur
92%
Willemstad
92%
Portoviejo
92%
Surabaya
92%
Padang
92%
Abilene
92%
Banī Suwayf
92%
Talcahuano
92%
San Pablo
92%
Ocumare del Tuy
92%
Mỹ Tho
92%
Pokhara
92%
Kluang
92%
Thủ Dầu Một
92%
Pakokku
92%
Colorado Springs
92%
Rzeszów
92%
Maiquetía
92%
Surakarta
92%
Ardabīl
92%
Baku
92%
Makhachkala
92%
Patna
92%
Raurkela
92%
Yogyakarta
92%
Tehran
92%
Johor Bahru
92%
Tây Ninh
92%
Vĩnh Long
92%
Los Teques
92%
San Antonio
92%
Wenlan
92%
Coquimbo
92%
Āsansol
92%
Puerto Montt
92%
Albury
92%
Grudziądz
92%
Puerto Cabello
92%
Florencia
92%
Concepción
92%
Tokat
92%
Batu Pahat
92%
Gaya
92%
Lampang
92%
Banyuwangi
92%
Myingyan
92%
Vũng Tàu
92%
Copiapó
92%
Sumqayıt
92%
Sitalpur
92%
Newcastle
92%
Probolinggo
92%
Shizuishan
92%
Mojokerto
92%
Tegucigalpa
92%
La Ceiba
92%
Yangon
92%
Seremban
92%
Los Ángeles
92%
Shiliguri
92%
College Station
92%
Matagalpa
92%
Naypyidaw
92%
Karaj
92%
Mudon
92%
Estelí
92%
Kaihua
92%
Canberra
92%
Mataram
92%
Ipiales
92%
Padangsidempuan
92%
Fyzābād
92%
Łódź
92%
Maracay
92%
Singaraja
92%
Wollongong
92%
Heṭauḍā
92%
Thái Nguyên
92%
Pekanbaru
92%
Ambato
92%
Denpasar
92%
Vladikavkaz
92%
Pasuruan
92%
Lạng Sơn
92%
Derbent
92%
Ho Chi Minh City
92%
Singapore
92%
Sioux City
92%
Xicheng
92%
Phnom Penh
92%
Kathmandu
92%
Malang
92%
Taungoo
92%
Shāhjānpur
92%
Temuco
92%
Sydney
92%
Muar
92%
Cao Lãnh
92%
Bhāgalpur
92%
Ibarra
92%
Chillán
92%
Bīrjand
92%
Magway
92%
Rasht
92%
Vārānasi
92%
Banjarmasin
92%
Lincoln
92%
Pasto
92%
Kediri
92%
Sochi
92%
La Serena
92%
Zanjān
92%
Mişrātah
92%
Gorakhpur
92%
Nawābganj
92%
Manta
92%
Osorno
92%
Magelang
92%
Al Kharj
92%
Madiun
92%
San Pedro Sula
92%
Bago
92%
Quito
92%
Yenangyaung
92%
Bahraigh
92%
Ranchi
92%
Viña del Mar
92%
Jember
92%
Birāṭnagar
92%
Jīma
91%
Ambāla
91%
Abbottabad
91%
Dera Ismail Khan
91%
Pānīpat
91%
Lakewood
91%
Āmol
91%
Blumenau
91%
Shekhupura
91%
Loja
91%
Košice
91%
Kermān
91%
Dera Ghazi Khan
91%
Thornton
91%
Chandigarh
91%
Ludhiāna
91%
Aurora
91%
Myitkyina
91%
Mardan
91%
Neijiang
91%
Peshawar
91%
Gdynia
91%
Sar Pol
91%
Bannu
91%
Quetta
91%
Gonbad-e Kāvūs
91%
Shāhrūd
91%
Yibin
91%
Rāmpur
91%
Āwasa
91%
Pasadena
91%
Zābol
91%
Karnāl
91%
Alajuela
91%
Ra’s al Khaymah
91%
Geelong
91%
Fort Collins
91%
Maykop
91%
Pueblo
91%
Pucallpa
91%
Ghaznī
91%
Jalālābād
91%
Abohar
91%
Zāhedān
91%
Greeley
91%
San José
91%
Saidu Sharif
91%
Gujranwala
91%
Gujrat
91%
Novorossiysk
91%
Muzaffarnagar
91%
Harīpur
91%
Rawalpindi
91%
Amritsar
91%
Buraydah
91%
Meerut
91%
Kohat
91%
Tengyue
91%
Sargodha
91%
Denver
91%
Centennial
91%
Iquitos
91%
Milagro
91%
Cranbourne
91%
Bandar ‘Abbās
91%
The Woodlands
91%
Calabozo
91%
Pathānkot
91%
Kabul
91%
Qazvīn
91%
Tumbes
91%
Morādābād
91%
Guayaquil
91%
Zigong
91%
Arvada
91%
Baoshan
91%
Cuenca
91%
Giyon
91%
Hotan
91%
Florianópolis
91%
Westminster
91%
Chihuahua
91%
Rio Branco
91%
Patiāla
91%
Lahore
91%
Itajaí
91%
Addis Ababa
91%
Sahāranpur
91%
Sioux Falls
91%
Shashemenē
91%
Jammu
91%
Jalandhar
91%
Machala
91%
Cartago
91%
Balkanabat
91%
Kunduz
91%
Sittwe
91%
Gdańsk
91%
Gilgit
91%
Nakhon Sawan
91%
Louangphabang
91%
San Fernando
91%
Sialkot City
91%
Jhang City
91%
Wuhai
91%
Nazrēt
91%
Riyadh
91%
Melbourne
91%
Adelaide
91%
Islamabad
91%
Houston
91%
Gardēz
91%
Baghlān
91%
Gorgān
91%
Kasur
91%
Bareilly
91%
Kandahār
91%
Bāramūla
<